00672nam a2200205Ia 450000500170000000800410001702000180005804100080007608200150008410000190009924500210011826000400013930000090017950000290018865000360021770000190025394200070027299900170027995201700029620251113151703.0230125s9999 xx 000 0 und d a81-7108-595-4 aeng a158.1bSUK aSukh S9214848 aABC of happiness c2005bBetter yourself BooksaMumbai a141p aPersonality Development, aPersonality Development9213420 aSukh S9214848 cBK c84338d84338 00104070aHIMRbHIMRd2006-03-17eGood will publisherg40.00i34l1o158.1 SUK B05017pHIMR-BK-5017r2023-10-16 00:00:00s2023-10-10v40.00w2006-03-04yBKzB05017